| 000 | 00807nam a2200241 i 4500 | ||
|---|---|---|---|
| 001 | 14438 | ||
| 003 | ES-MaACL | ||
| 005 | 20250315062544.0 | ||
| 007 | t| | ||
| 008 | 990309s1998 sp ||||1| spa d | ||
| 020 | _a84-321-3223-3 | ||
| 080 | _a821.131.1-14"18" | ||
| 100 | 1 |
_aLeopardi, Giacomo, _d1798-1837 _971704 |
|
| 245 | 1 | 0 |
_aPoemas elegidos : _bedición bilingüe / _cGiacomo Leopardi ; selección y estudio preliminar de Milagros Arizmendi. |
| 260 |
_aMadrid : _bRialp, _c[1998] |
||
| 300 |
_a117 p. ; _c18 cm. |
||
| 490 | 1 |
_aAdonáis ; _v539-540 |
|
| 546 | _aIntroducción en español; texto original y traducción al español. | ||
| 700 | 1 |
_aArizmendi, Milagros. _922881 |
|
| 830 | 1 | 0 |
_aAdonáis _v539-540 _9173743 |
| 852 | 4 |
_aES-MaACL _jJ-23-539-540 |
|
| 999 |
_c14438 _d14438 |
||